000 00573nam a2200217Ia 4500
003 OSt
005 20230524134110.0
008 210423s1981 xx 000 0 und d
040 _cAL
041 _aeng
082 _a340
_223
_bGOVK
100 _aGOVERNMENT OF KARNATAKA
_9112432
245 _aKarnataka legal aid board act 1981
260 _aBangalore
_bGovernment Of Karnataka
_c1981
300 _bPB
365 _cINR
650 _aLaw
_9112433
650 _aSocial Sciences
_9112434
906 _a1981 ; act ; aid ; board ; Karnataka ; legal
942 _2ddc
_cBK
999 _c172819
_d172819